00931 2200337 4500001002100000005001500021035002000036007000300056040001700059100003300076245009200109250001000201300003300211504002600244041000800270082001000278084001600288090002400304264003200328336002100360337003000381338002300411650001400434700003400448850001000482008004100492990001500533990001500548990001500563990001500578INLIS00000000000962720260416012619 a0010-1222000232ta aSBPUPADbind0 aKomarudin Chalil;ePengarang1 aKiat Mewujudkan Impian Menjadi Kenyataan /cKomarudin Chalil, Editor: Leonardo Al-Ghazi aCet.2 a101 jlm. :bilus. ;c13,5 cm abibiliografi, hlm 101 aind a153.8 a153.8 CHA k a153.8 CHA k L 2 R 2 aBandung :bSiinnergy,c2013 2rdacontentateks 2rdamediaatanpa perantara 2rdacarrieravolume 4aMotivasi, aLeonardo Al-Ghazi,ePengarang aPUPAD260416 0  a225/B/2013 a226/B/2013 a225/B/2013 a226/B/2013